02168nam a2200397 4500001000400000003000400004005001700008008004100025020001500066040000800081041001300089082001500102100004100117240007100158245014200229260003400371300001100405490004500416520077400461650002701235650003401262650002601296650001701322650001901339650002001358650001401378655001601392655002001408700004101428700004101469700004101510830005001551942001501601952014101616999001301757218OSt20250528074015.0250203b |||||||g |||| 00| 1 eng d a8500012900 bpor hengapor a823bD754s1 aDoyle, Arthur Conan,d1859-19309388 aThe valley of fear, His last bow, The case book of Sherlock Holmes aSherlock Holmes, Volume III /cDoyle, Arthur Conan ; Tradução de Luiz Orlando C. Lemos, Adailton J. Chiaradia e Miriam Ribeiro Güth aRio de JaneirobEdiouroc2002 a511 p.1 aObra completa / Sherlock Holmesvvol. 03 aNeste volume: O Vale do Medo, Os Últimos Casos de Sherlock Holmes (contos) e Histórias de Sherlock Holmes (contos). Os fatos são contundentes. O povo tomou conta de Holmes. Chegou a crer na sua existência. Nenhum personagem de ficção tem no mundo mais vasta bibliografia, com toda uma gama de estudos, dos mais ingênuos aos mais eruditos; ninguém, fictício ou real, foi alvo de tantas representações teatrais, cinematográficas, em histórias em quadrinhos, em palavras cruzadas, em seriados de TV; ninguém multiplicou um gênero (literatura policial) em proporções de tiragens tão astronômicas. Os "holmistas" existiram desde a primeira hora e continuam surgindo no fluir das gerações. Holmes não tem leitores, tem devotos. 0aLiteratura Inglesa989 0aCrime e Investigação 913 0aRomance Policial 911 0aSuspense910 0aMistério942 0aClássicos977 0aFilme926 0aRomance923 0aFicção 922 aLuiz Orlando C. LemoseTradutor9401 aAdailton J. ChiaradiaeTradutor9402 aMiriam Ribeiro GütheTradutor9403 aObra completa / Sherlock Holmesvvol. 039400 2ddcn0cBK 00102ddc3vol. 0340708FICaBIBIBbBIBIBcLEd2016-12-01edoaçãol0o823 / D754sp2025-15419r2025-01-31 07:47:58w2025-01-31yBK c218d218